مبادىء قواعد اللغة الإنجليزية الأساسية : أجزاء الكلام / (رقم التسجيلة. 92565)

تفاصيل مارك
000 -LEADER
fixed length control field 00592nam a22001817a 4500
005 - DATE AND TIME OF LATEST TRANSACTION
control field 20251108172941.0
008 - FIXED-LENGTH DATA ELEMENTS--GENERAL INFORMATION
fixed length control field 250721s2002 xx 000 0 ara d
082 14 - DEWEY DECIMAL CLASSIFICATION NUMBER
Classification number 425kaf/
100 1# - MAIN ENTRY--PERSONAL NAME
Personal name قفعيتي، إبراهيم
245 10 - TITLE STATEMENT
Title مبادىء قواعد اللغة الإنجليزية الأساسية : أجزاء الكلام /
246 11 - VARYING FORM OF TITLE
Title proper/short title BASIC ENGLISH GRAMMAR: PARTS OF SPEECH
264 1# - PRODUCTION, PUBLICATION, DISTRIBUTION, MANUFACTURE, AND COPYRIGHT NOTICE
Place of production, publication, distribution, manufacture عمان :
Name of producer, publisher, distributor, manufacturer دار الشروق،
Date of production, publication, distribution, manufacture, or copyright notice 2002.
300 ## - PHYSICAL DESCRIPTION
Extent 232ص
650 17 - SUBJECT ADDED ENTRY--TOPICAL TERM
Topical term or geographic name as entry element قواعد اللغة
650 17 - SUBJECT ADDED ENTRY--TOPICAL TERM
Topical term or geographic name as entry element اللغة الإنجليزية
942 ## - ADDED ENTRY ELEMENTS (KOHA)
Source of classification or shelving scheme Dewey Decimal Classification
Koha item type كتب
المقتنيات
حالة السحب حالة الفقدان مصدر التصنيف حالة التلف غير قابل للإعارة المكتبة الرئيسية المكتبة الحالية موقع الرف تاريخ التزويد الرقم المتسلسل Total Checkouts رقم الإستدعاء الباركود تاريخ آخر ظهور تاريخ الفاتورة نوع المادة (كوها)
    Dewey Decimal Classification     المكتبة المركزية المكتبة المركزية الإعارة 17/03/2015 )6000)   425kaf/ PLD00318637 28/07/2025 17/03/2015 كتب
    Dewey Decimal Classification     المكتبة المركزية المكتبة المركزية مقتنيات قسم التزويد 28/07/2025 1761767   425kaf/   28/07/2025 28/07/2025 كتب
    Dewey Decimal Classification     مكتبة أم قصير والمقابلين العامة مكتبة أم قصير والمقابلين العامة الإعارة 31/08/2014 [ 818192]   425kaf/ PLD00342050 28/07/2025 31/08/2014 كتب
    Dewey Decimal Classification     مكتبة الأميرة ايمان العامة مكتبة الأميرة ايمان العامة الإعارة 30/10/2013 [60015]   425kaf/ PLD00284544 28/07/2025 30/10/2013 كتب
    Dewey Decimal Classification     مكتبة حمزة العامة مكتبة حمزة العامة الإعارة 02/02/2016 (60021)   425kaf/ PLD00371126 28/07/2025 02/02/2016 كتب
    Dewey Decimal Classification     مكتبة وادي السير العامة مكتبة وادي السير العامة الإعارة 10/04/2016 [60025]...   425kaf/ PLD00385566 28/07/2025 10/04/2016 كتب
Implemented & Customized by: BBB with SCIT (Smart Chains for Information Technology)

Powered by Koha